Oratio D. Georgii Maioris Doctoris theologiae, de verbo, orthotomein Alia De Samsone, Habita A Iohanne Durstenio

Bibliographic Details
Main Author: Melanchthon, Philipp, 1497-1560 (Author)
Corporate Author: Klug, Josef (Wittenberg, Nemecko) (Printer)
Other Authors: Klug, Josef, zomrel 1552 (Printer)
Format: Book
Language:Latin
PhysicalDescription:A8-B8 [=15] l. 8°
Published: Vvitembergae [Josef Klug] Anno M. D. XLV. [=1545]
Subjects:

MARC

LEADER 00000nam a2200000 a 4500
001 vtls011703022
003 SK-MaSNL
005 20260301043450.0
008 251112 1545 gw 001 0 lat
015 |a SNBHFA1545 
035 |a urn:nbn:sk:snk-am00cs53 
035 |a urn:nbn:sk:snk-am3haqd 
035 |a E93ECDC8-FC11-43BD-B091-30E475B328BF 
040 |a SNKHF  |b slo  |c SNK  |e AACR2 
041 |a lat 
044 |a gw  |c DE 
072 7 |a 2-1  |x Prirodzená teológia. Náboženská filozofia  |2 konspekt 
080 |a 2-1  |2 2011 
080 |a 2-534.3  |2 2011 
100 1 |a Melanchthon, Philipp,  |d 1497-1560  |4 aut  |9 42142 
245 1 0 |a Oratio D. Georgii Maioris Doctoris theologiae, de verbo, orthotomein Alia De Samsone, Habita A Iohanne Durstenio 
260 |a Vvitembergae  |b [Josef Klug]  |c Anno M. D. XLV. [=1545] 
300 |a A8-B8 [=15] l.  |c 8° 
500 |a Iniciálky s ornamentálnym pozadím v rámčeku na 6, 8 riadkov 
501 |a Príväzok 8. k: PFEFFINGER, Johannes. Vnsers lieben Herrn Jhesu Christi Legenda oder Historia. Leipzig : Hantzsch, Georg, 1553.  |5 SNK ID 99607 
504 |a Kustody 
510 4 |a VD 16 M/3825 
546 |a Latinčina  |b Fraktúra  |b Kurzíva 
561 |a Z knižnice františkánov v Kremnici.  |5 SNK ID 99607/prív. 8 
650 0 7 |a teológia  |2 SNKPH  |9 1814 
650 0 7 |a modlitba  |2 SNKPH  |9 2002 
700 1 |a Klug, Josef,  |d zomrel 1552  |4 prt  |9 172677 
710 2 |a Františkáni (Kremnica, Slovensko)  |4 fmo  |9 162717 
710 0 |a Klug, Josef (Wittenberg, Nemecko),  |d 1523-1552  |4 prt  |9 348334 
752 |a Nemecko  |d Wittenberg 
852 |a snk  |b Františkáni Kremnica  |p ID 99607/prív. 8 
958 |a ONDV 
999 |c 593661  |d 595591 
952 |t Fr Kr 1443  |a SNK  |b SNK  |c SNK_HF  |y PREZ  |7 0  |p 17A1130659  |o snkID 99607/prív.8  |i snk2017/16471  |8 5  |0 0  |1 0  |4 0  |d 2017-07-18  |f 1  |l 0  |r 2026-02-23 15:31:45  |w 2026-02-23